| 000 | 01440cam a22003257a 4500 | ||
|---|---|---|---|
| 999 |
_c104 _d104 |
||
| 001 | 13939187 | ||
| 003 | BD-DhBUF | ||
| 005 | 20171128143821.0 | ||
| 008 | 050422s2001 flua b 001 0 eng d | ||
| 010 | _a 2005274203 | ||
| 020 | _a1855734591 | ||
| 035 | _a(OCoLC)ocm47794990 | ||
| 040 |
_aGAT _cGAT _dBD-DhBUF |
||
| 050 | 0 | 0 |
_aTS1544.C4 _bR44 2001 |
| 082 | 0 | 0 |
_a677/.02832 _222 |
| 245 | 0 | 0 |
_aRegenerated cellulose fibres / _cedited by Calvin Woodings. |
| 260 |
_aBoca Raton, FL : _bCRC Press, _c2001. |
||
| 300 |
_axi, 336 p. : _bill. ; _c24 cm. |
||
| 440 | 0 | _aWoodhead Publishing Limited series on fibres | |
| 500 | _a"The Textile Institute." | ||
| 504 | _aIncludes bibliographical references and index. | ||
| 650 | 0 | _aCellulose fibers. | |
| 700 | 1 | _aWoodings, Calvin. | |
| 710 | 2 | _aTextile Institute (Manchester, England) | |
| 856 | 4 | 1 |
_3Table of contents only _uhttp://www.loc.gov/catdir/enhancements/fy1108/2005274203-t.html |
| 856 | 4 | 2 |
_3Publisher description _uhttp://www.loc.gov/catdir/enhancements/fy1108/2005274203-d.html |
| 856 | 4 | 2 |
_3Contributor biographical information _uhttp://www.loc.gov/catdir/enhancements/fy1108/2005274203-b.html |
| 942 |
_2ddc _cBK |
||